| 000 | 00537nam a2200205 a 4500 | ||
|---|---|---|---|
| 001 | BRCA_5778 | ||
| 005 | 20190320205219.0 | ||
| 008 | 090311t1931----gw-a######---#000-0#ger-# | ||
| 041 | _ager | ||
| 044 | _agw | ||
| 050 | 4 |
_aTR73 _b.S54 _c1931 |
|
| 100 | 1 |
_aSieker, Hugo. _914658 |
|
| 245 | 1 | 0 |
_aDas Deutsche Lichtbild _bJahresschau 1932. |
| 260 |
_aBerlin _bRobert and Bruno Schultz. _c1931 |
||
| 300 |
_a88 p. _bils., 180 láminas. _c28 cm. |
||
| 500 | _aH79 | ||
| 650 | 1 | 4 |
_aFotografĂa _zBerlin _914517 |
| 902 | _aGFM | ||
| 942 |
_2lcc _cB |
||
| 999 |
_c5467 _d5467 |
||